Management and cost accounting

Zapisane w:
Opis bibliograficzny
1. autor: Drury, Colin
Format: Książka
Język:Undetermined
Wydane: Bedford Row, London Thonson Learning 2004
Hasła przedmiotowe:
Etykiety: Dodaj etykietę
Nie ma etykietki, Dołącz pierwszą etykiete!
Thư viện lưu trữ: Trung tâm Học liệu Trường Đại học Cần Thơ
LEADER 00524nam a2200193Ia 4500
001 CTU_122382
008 210402s9999 xx 000 0 und d
020 |c 73.75 
082 |a 658.1511 
082 |b D796 
100 |a Drury, Colin 
245 0 |a Management and cost accounting 
245 0 |c Colin Drury 
260 |a Bedford Row, London 
260 |b Thonson Learning 
260 |c 2004 
650 |a Managerial accounting.,Cost accounting. 
904 |i Minh 
980 |a Trung tâm Học liệu Trường Đại học Cần Thơ